<?xml version="1.0" encoding="UTF-8"?>
<record
    xmlns:xsi="http://www.w3.org/2001/XMLSchema-instance"
    xsi:schemaLocation="http://www.loc.gov/MARC21/slim http://www.loc.gov/standards/marcxml/schema/MARC21slim.xsd"
    xmlns="http://www.loc.gov/MARC21/slim">

  <leader>02648cam a22003738i 4500</leader>
  <controlfield tag="001">21245117</controlfield>
  <controlfield tag="003">OSt</controlfield>
  <controlfield tag="005">20220412191319.0</controlfield>
  <controlfield tag="008">191017s2020    nju      b    001 0 eng  </controlfield>
  <datafield tag="010" ind1=" " ind2=" ">
    <subfield code="a">  2019048205</subfield>
  </datafield>
  <datafield tag="020" ind1=" " ind2=" ">
    <subfield code="a">9781292274157</subfield>
  </datafield>
  <datafield tag="040" ind1=" " ind2=" ">
    <subfield code="a">DLC</subfield>
    <subfield code="b">eng</subfield>
    <subfield code="e">rda</subfield>
    <subfield code="c">AIMIT LIBRARY</subfield>
  </datafield>
  <datafield tag="042" ind1=" " ind2=" ">
    <subfield code="a">pcc</subfield>
  </datafield>
  <datafield tag="050" ind1="0" ind2="0">
    <subfield code="a">HD62.4</subfield>
    <subfield code="b">.C6255 2020</subfield>
  </datafield>
  <datafield tag="082" ind1="0" ind2="0">
    <subfield code="a">382</subfield>
    <subfield code="2">8</subfield>
    <subfield code="b">COLS</subfield>
  </datafield>
  <datafield tag="100" ind1="1" ind2=" ">
    <subfield code="a">Collinson, Simon,</subfield>
    <subfield code="9">29733</subfield>
  </datafield>
  <datafield tag="245" ind1="1" ind2="0">
    <subfield code="a">International business /</subfield>
    <subfield code="c">By Simon Collinson, Rajneesh Narula and Alan M. Rugman.</subfield>
  </datafield>
  <datafield tag="250" ind1=" " ind2=" ">
    <subfield code="a">8th ed.</subfield>
  </datafield>
  <datafield tag="260" ind1=" " ind2=" ">
    <subfield code="a">United Kingdom :</subfield>
    <subfield code="b">Pearson ,</subfield>
    <subfield code="c">2020.</subfield>
  </datafield>
  <datafield tag="263" ind1=" " ind2=" ">
    <subfield code="a">2001</subfield>
  </datafield>
  <datafield tag="300" ind1=" " ind2=" ">
    <subfield code="a">xxxv,686p. ;</subfield>
    <subfield code="b">PB</subfield>
    <subfield code="c">26.5 cm.</subfield>
  </datafield>
  <datafield tag="336" ind1=" " ind2=" ">
    <subfield code="a">text</subfield>
    <subfield code="b">txt</subfield>
    <subfield code="2">rdacontent</subfield>
  </datafield>
  <datafield tag="337" ind1=" " ind2=" ">
    <subfield code="a">unmediated</subfield>
    <subfield code="b">n</subfield>
    <subfield code="2">rdamedia</subfield>
  </datafield>
  <datafield tag="338" ind1=" " ind2=" ">
    <subfield code="a">volume</subfield>
    <subfield code="b">nc</subfield>
    <subfield code="2">rdacarrier</subfield>
  </datafield>
  <datafield tag="504" ind1=" " ind2=" ">
    <subfield code="a">Includes bibliographical references and index.</subfield>
  </datafield>
  <datafield tag="520" ind1=" " ind2=" ">
    <subfield code="a">"We have continued to evolve the structure and content of this textbook in step with the rapidly changing world of international business. This includes completely revising several key chapters, including Chapter 6, on International Trade. This is entirely updated and includes new case studies covering both the trade-war between the US and China and the complex Brexit process. These and other real-world developments have made a wide range of stakeholders much more aware of the significance of global trade interdependencies than in the past. Chapter 16 on the European Union is also entirely updated to take account of Brexit and a range of new socio-political and economic events in Europe. Chapter 11 ('MNEs as Responsible Stakeholders') has been removed, making this edition more consolidated,with 20 rather than 21 chapters. In place of Chapter 11 we have inserted new sections, frameworks and case studies on responsible business throughout the book as a fundamental dimension of international businesstheory and practice across all the other chapters. New case studies, such as 'Businesses and NGOs working together on climate change' in Chapter 4, provideadditional material on this topic. Chapter 14, on 'Political risk and negotiation strategy' also features new case studies on the 'US-Venezuela oil dispute' and 'Huaweiaccused of spying'"--</subfield>
    <subfield code="c">Provided by publisher.</subfield>
  </datafield>
  <datafield tag="650" ind1=" " ind2="0">
    <subfield code="a">International business enterprises</subfield>
    <subfield code="9">29734</subfield>
  </datafield>
  <datafield tag="650" ind1=" " ind2="0">
    <subfield code="a">Environment of International business.</subfield>
    <subfield code="9">29735</subfield>
  </datafield>
  <datafield tag="650" ind1=" " ind2="0">
    <subfield code="a">Business strategies.</subfield>
    <subfield code="9">29736</subfield>
  </datafield>
  <datafield tag="700" ind1="1" ind2=" ">
    <subfield code="a">Narula, Rajneesh,</subfield>
    <subfield code="d">1963-</subfield>
    <subfield code="9">29737</subfield>
  </datafield>
  <datafield tag="700" ind1="1" ind2=" ">
    <subfield code="a">Rugman, Alan M.</subfield>
    <subfield code="9">29739</subfield>
  </datafield>
  <datafield tag="776" ind1="0" ind2="8">
    <subfield code="i">Online version:</subfield>
    <subfield code="a">Collinson, Simon,</subfield>
    <subfield code="t">International business</subfield>
    <subfield code="b">8.</subfield>
    <subfield code="d">Hoboken : Pearson, 2020.</subfield>
    <subfield code="z">9781292274171</subfield>
    <subfield code="w">(DLC) 2019048206</subfield>
  </datafield>
  <datafield tag="942" ind1=" " ind2=" ">
    <subfield code="2">ddc</subfield>
    <subfield code="c">BK</subfield>
    <subfield code="e">8th</subfield>
    <subfield code="k">382 COLS</subfield>
  </datafield>
  <datafield tag="999" ind1=" " ind2=" ">
    <subfield code="c">222408</subfield>
    <subfield code="d">222408</subfield>
  </datafield>
  <datafield tag="952" ind1=" " ind2=" ">
    <subfield code="0">0</subfield>
    <subfield code="1">0</subfield>
    <subfield code="2">ddc</subfield>
    <subfield code="4">0</subfield>
    <subfield code="7">0</subfield>
    <subfield code="8">MBA</subfield>
    <subfield code="a">AIMIT</subfield>
    <subfield code="b">AIMIT</subfield>
    <subfield code="d">2022-03-24</subfield>
    <subfield code="e">Biblios Book Point</subfield>
    <subfield code="g">6035.24</subfield>
    <subfield code="i">Bill no:6621 dtd:2022-03-22</subfield>
    <subfield code="l">0</subfield>
    <subfield code="o">382 COLS</subfield>
    <subfield code="p">MBA14354</subfield>
    <subfield code="r">2026-05-23 00:00:00</subfield>
    <subfield code="v">4828.19</subfield>
    <subfield code="w">2022-04-12</subfield>
    <subfield code="y">BK</subfield>
  </datafield>
</record>
